000 00662cam a2200229 a 4500
001 12930905
005 20180206050558.0
008 020916s2003 nyu 001 0 eng
010 _a 2002035618
020 _a0735534810
040 _aDLC
_cDLC
_dDLC
041 _aeng
043 _an-us---
080 _a346.7307 WHA
082 0 0 _a346.7307 WHA
_221
100 1 _a14
101 _aJUR
245 1 0 _aProblems and materials on commercial law /
_cDouglas J. Whaley.
906 _a7
_bcbc
_corignew
_d1
_eocip
_f20
_gy-gencatlg
942 _2ddc
_cBK
999 _c41913
_d41913